| 000 | 00572nam a22002417a 4500 | ||
|---|---|---|---|
| 003 | UA-OsUOA | ||
| 001 | 61619 | ||
| 007 | ta | ||
| 008 | 20090708b un ||||| |||| 00| 0 ukr d | ||
| 090 | _a330 | ||
| 942 | _cMG | ||
| 040 |
_aUA-OsUOA _beng _cUA-OsUOA _dUA-OsUOA |
||
| 245 |
_aMethods of functional analysis and topology _cEditor-in-Chief Yu. M. Berezansky |
||
| 300 | _a100 с. | ||
| 955 | _a1 | ||
| 041 | _aeng | ||
| 080 | _a330 | ||
| 022 | _a1029-3531 | ||
| 260 | _aК. | ||
| 044 | _aUA | ||
| 962 | _a2006 | ||
| 650 | 7 |
_a330 Економіка взагалі _2UDC |
|
| 999 |
_c347275 _d347275 |
||